I principali film di Guerre Stellari (Star Wars) - Statistics

Statistiche generali
  • Questo quiz è stato fatto 168 volte
  • Il punteggio medio è 9 su 11
Statistiche sulle risposte
Trilogia Anno di uscita Episodio Titolo % Corretto
Trilogia originale 1983 VI Il ritorno dello Jedi
90%
Trilogia originale 1980 V L'impero colpisce ancora
90%
Prequels 1999 I La minaccia fantasma
87%
Prequels 2002 II L'attacco dei cloni
87%
Prequels 2005 III La vendetta dei Sith
85%
Trilogia originale 1977 IV Una nuova speranza
84%
Standalone 2016 Rogue One: A Star Wars Story
79%
Standalone 2018 Solo: A Star Wars Story
75%
Sequels 2015 VII Il risveglio della forza
71%
Sequels 2019 IX L'ascesa di Skywalker
70%
Sequels 2017 VIII Gli ultimi Jedi
61%
Nessun quiz corrispondente trovato
Distribuzione punteggi
Percentuale di utenti per punteggio
Percentile per numero di risposta
I tuoi punteggi nel tempo
Non hai fatto questo quiz